[Event "English Womens Championships 2024"]
[Site "Kenilworth, United Kingdom"]
[Date "2024.06.22"]
[Round "6.4"]
[White "Varney, Zoe"]
[Black "Latypova, Olga L"]
[Result "1/2-1/2"]
[TimeControl "G:90 minutes + 30 seconds added per move"]
[WhiteFideId "436135"]
[BlackFideId "472476"]
[WhiteElo "2070"]
[BlackElo "1827"]

1. e4 {[%clk 01:30:11]} {[%emt 00:00:50]} e5 {[%clk 01:30:50]} {[%emt
00:00:08]} 2. Nf3 {[%clk 01:30:27]} {[%emt 00:00:14]} Nc6 {[%clk 01:31:08]}
{[%emt 00:00:14]} 3. Bc4 {[%clk 01:30:44]} {[%emt 00:00:11]} Bc5 {[%clk
01:31:20]} {[%emt 00:00:18]} 4. c3 {[%clk 01:31:08]} {[%emt 00:00:06]} Nf6
{[%clk 01:31:24]} {[%emt 00:00:25]} 5. d3 {[%clk 01:31:29]} {[%emt 00:00:09]}
O-O {[%clk 01:30:57]} {[%emt 00:00:57]} 6. b4 {[%clk 01:27:58]} {[%emt
00:04:03]} Bb6 {[%clk 01:28:18]} {[%emt 00:03:07]} 7. O-O {[%clk 01:27:07]}
{[%emt 00:01:21]} d6 {[%clk 01:27:33]} {[%emt 00:01:15]} 8. a4 {[%clk
01:26:33]} {[%emt 00:01:04]} a5 {[%clk 01:23:40]} {[%emt 00:04:23]} 9. b5
{[%clk 01:25:05]} {[%emt 00:01:58]} Ne7 {[%clk 01:23:38]} {[%emt 00:00:32]} 10.
Bg5 {[%clk 01:11:57]} {[%emt 00:13:39]} Ng6 {[%clk 01:22:33]} {[%emt 00:01:34]}
11. Nh4 {[%clk 01:09:17]} {[%emt 00:03:10]} Nxh4 {[%clk 01:15:34]} {[%emt
00:07:29]} 12. Bxh4 {[%clk 01:09:39]} {[%emt 00:00:09]} Be6 {[%clk 01:15:36]}
{[%emt 00:00:28]} 13. Nd2 {[%clk 01:09:01]} {[%emt 00:01:08]} c6 {[%clk
01:09:31]} {[%emt 00:06:35]} 14. Qf3 {[%clk 01:05:15]} {[%emt 00:04:16]} d5
{[%clk 01:06:14]} {[%emt 00:03:47]} 15. Ba2 {[%clk 00:59:43]} {[%emt 00:06:03]}
h6 {[%clk 01:01:18]} {[%emt 00:05:25]} 16. exd5 {[%clk 00:47:19]} {[%emt
00:12:56]} cxd5 {[%clk 01:01:21]} {[%emt 00:00:26]} 17. Bxf6 {[%clk 00:45:36]}
{[%emt 00:02:14]} gxf6 {[%clk 01:01:23]} {[%emt 00:00:27]} 18. Rfd1 {[%clk
00:44:03]} {[%emt 00:02:03]} Kh8 {[%clk 00:57:25]} {[%emt 00:04:27]} 19. c4
{[%clk 00:28:51]} {[%emt 00:15:44]} Rg8 {[%clk 00:54:38]} {[%emt 00:03:15]} 20.
h3 {[%clk 00:28:43]} {[%emt 00:00:39]} dxc4 {[%clk 00:51:59]} {[%emt 00:03:09]}
21. dxc4 {[%clk 00:27:40]} {[%emt 00:01:32]} Bd4 {[%clk 00:45:22]} {[%emt
00:07:05]} 22. Nb3 {[%clk 00:24:24]} {[%emt 00:03:48]} Rc8 {[%clk 00:39:06]}
{[%emt 00:06:45]} 23. Nxd4 {[%clk 00:23:44]} {[%emt 00:01:10]} exd4 {[%clk
00:39:25]} {[%emt 00:00:11]} 24. Qf4 {[%clk 00:22:41]} {[%emt 00:01:33]} Qf8
{[%clk 00:35:17]} {[%emt 00:04:38]} 25. Qxf6+ {[%clk 00:19:29]} {[%emt
00:03:43]} Qg7 {[%clk 00:35:32]} {[%emt 00:00:14]} 26. Qxg7+ {[%clk 00:19:52]}
{[%emt 00:00:08]} Rxg7 {[%clk 00:35:54]} {[%emt 00:00:07]} 27. Rxd4 {[%clk
00:19:51]} {[%emt 00:00:32]} Bxh3 {[%clk 00:35:02]} {[%emt 00:01:21]} 28. g3
{[%clk 00:19:55]} {[%emt 00:00:27]} Be6 {[%clk 00:33:27]} {[%emt 00:02:04]} 29.
Rad1 {[%clk 00:15:57]} {[%emt 00:04:28]} Rgg8 {[%clk 00:32:14]} {[%emt
00:01:42]} 30. Kg2 {[%clk 00:15:13]} {[%emt 00:01:15]} Kg7 {[%clk 00:32:13]}
{[%emt 00:00:30]} 31. R1d2 {[%clk 00:12:05]} {[%emt 00:03:40]} Rc5 {[%clk
00:31:18]} {[%emt 00:01:24]} 32. f4 {[%clk 00:11:01]} {[%emt 00:01:34]} Rgc8
{[%clk 00:30:37]} {[%emt 00:01:11]} 33. Rc2 {[%clk 00:10:25]} {[%emt 00:01:06]}
R8c7 {[%clk 00:28:08]} {[%emt 00:02:58]} 34. Rc1 {[%clk 00:08:49]} {[%emt
00:02:07]} Rc8 {[%clk 00:28:17]} {[%emt 00:00:21]} 35. Kf2 {[%clk 00:07:17]}
{[%emt 00:02:03]} Kf6 {[%clk 00:26:54]} {[%emt 00:01:51]} 36. Ke3 {[%clk
00:05:20]} {[%emt 00:02:29]} Rg8 {[%clk 00:27:05]} {[%emt 00:00:17]} 37. Kf3
{[%clk 00:04:17]} {[%emt 00:01:34]} h5 {[%clk 00:26:31]} {[%emt 00:01:04]} 38.
Bb1 {[%clk 00:03:16]} {[%emt 00:01:31]} Rgc8 {[%clk 00:25:38]} {[%emt
00:01:22]} 39. Bd3 {[%clk 00:03:16]} {[%emt 00:00:31]} Bg4+ {[%clk 00:23:55]}
{[%emt 00:02:12]} 40. Kf2 {[%clk 00:03:32]} {[%emt 00:00:15]} Be6 {[%clk
00:23:55]} {[%emt 00:00:30]} 41. Be2 {[%clk 00:03:11]} {[%emt 00:00:52]} Ke7
{[%clk 00:23:14]} {[%emt 00:01:09]} 42. Rc3 {[%clk 00:03:17]} {[%emt 00:00:26]}
Rg8 {[%clk 00:19:44]} {[%emt 00:03:58]} 43. Bf3 {[%clk 00:03:41]} {[%emt
00:00:07]} b6 {[%clk 00:19:47]} {[%emt 00:00:27]} 44. Bd5 {[%clk 00:03:31]}
{[%emt 00:00:39]} Rd8 {[%clk 00:19:20]} {[%emt 00:00:57]} 45. Rcd3 {[%clk
00:03:43]} {[%emt 00:00:20]} Bxd5 {[%clk 00:18:35]} {[%emt 00:01:14]} 46. cxd5
{[%clk 00:03:56]} {[%emt 00:00:17]} Kd6 {[%clk 00:18:10]} {[%emt 00:00:55]} 47.
Rd1 {[%clk 00:02:55]} {[%emt 00:01:32]} Rdc8 {[%clk 00:17:55]} {[%emt
00:00:45]} 48. Rh1 {[%clk 00:03:10]} {[%emt 00:00:14]} Rc2+ {[%clk 00:17:49]}
{[%emt 00:00:36]} 49. Ke3 {[%clk 00:03:17]} {[%emt 00:00:24]} R8c3+ {[%clk
00:17:47]} {[%emt 00:00:31]} 50. Rd3 {[%clk 00:03:10]} {[%emt 00:00:37]} Rxd3+
{[%clk 00:18:09]} {[%emt 00:00:08]} 51. Kxd3 {[%clk 00:03:38]} {[%emt
00:00:03]} Ra2 {[%clk 00:18:32]} {[%emt 00:00:06]} 52. Rxh5 {[%clk 00:03:29]}
{[%emt 00:00:40]} Rxa4 {[%clk 00:18:53]} {[%emt 00:00:08]} 53. Rf5 {[%clk
00:00:45]} {[%emt 00:03:14]} Rb4 {[%clk 00:17:16]} {[%emt 00:02:07]} 54. Rxf7
{[%clk 00:00:43]} {[%emt 00:00:33]} Rxb5 {[%clk 00:16:29]} {[%emt 00:01:16]} 55.
g4 {[%clk 00:00:49]} {[%emt 00:00:24]} Rxd5+ {[%clk 00:15:47]} {[%emt
00:01:12]} 56. Ke4 {[%clk 00:01:05]} {[%emt 00:00:15]} Rd1 {[%clk 00:14:49]}
{[%emt 00:01:27]} 57. g5 {[%clk 00:01:05]} {[%emt 00:00:31]} Rg1 {[%clk
00:13:56]} {[%emt 00:01:22]} 58. Kd4 {[%clk 00:01:19]} {[%emt 00:00:17]} b5
{[%clk 00:13:32]} {[%emt 00:00:53]} 59. Rf6+ {[%clk 00:01:39]} {[%emt
00:00:11]} Ke7 {[%clk 00:13:38]} {[%emt 00:00:24]} 60. Ra6 {[%clk 00:01:26]}
{[%emt 00:00:43]} a4 {[%clk 00:13:16]} {[%emt 00:00:51]} 61. g6 {[%clk
00:01:13]} {[%emt 00:00:43]} Kf8 {[%clk 00:13:03]} {[%emt 00:00:43]} 62. f5
{[%clk 00:01:22]} {[%emt 00:00:21]} Kg7 {[%clk 00:13:15]} {[%emt 00:00:18]} 63.
Ra7+ {[%clk 00:01:41]} {[%emt 00:00:12]} Kf6 {[%clk 00:11:56]} {[%emt
00:01:49]} 64. Rf7+ {[%clk 00:02:01]} {[%emt 00:00:10]} Kg5 {[%clk 00:12:07]}
{[%emt 00:00:18]} 65. Rf8 {[%clk 00:01:29]} {[%emt 00:01:04]} Kh6 {[%clk
00:12:00]} {[%emt 00:00:36]} 66. Ke5 {[%clk 00:01:28]} {[%emt 00:00:32]} Kg7
{[%clk 00:10:25]} {[%emt 00:02:04]} 67. Rf7+ {[%clk 00:01:46]} {[%emt
00:00:12]} Kg8 {[%clk 00:10:47]} {[%emt 00:00:08]} 68. Rb7 {[%clk 00:01:32]}
{[%emt 00:00:44]} Re1+ {[%clk 00:10:19]} {[%emt 00:00:58]} 69. Kf6 {[%clk
00:01:47]} {[%emt 00:00:15]} Re8 {[%clk 00:10:29]} {[%emt 00:00:19]} 70. Rxb5
{[%clk 00:01:14]} {[%emt 00:01:04]} Ra8 {[%clk 00:10:50]} {[%emt 00:00:10]} 71.
Kg5 {[%clk 00:01:12]} {[%emt 00:00:32]} a3 {[%clk 00:11:04]} {[%emt 00:00:16]}
72. Rb1 {[%clk 00:01:37]} {[%emt 00:00:05]} a2 {[%clk 00:11:15]} {[%emt
00:00:19]} 73. Ra1 {[%clk 00:02:04]} {[%emt 00:00:03]} Ra3 {[%clk 00:10:46]}
{[%emt 00:00:58]} 74. f6 {[%clk 00:02:19]} {[%emt 00:00:15]} Rg3+ {[%clk
00:10:04]} {[%emt 00:01:12]} 75. Kf5 {[%clk 00:02:14]} {[%emt 00:00:36]} Rf3+
{[%clk 00:10:19]} {[%emt 00:00:14]} 76. Ke6 {[%clk 00:01:51]} {[%emt 00:00:53]}
Re3+ {[%clk 00:10:15]} {[%emt 00:00:33]} 77. Kd5 {[%clk 00:00:48]} {[%emt
00:01:34]} Ra3 {[%clk 00:10:27]} {[%emt 00:00:18]} 78. f7+ {[%clk 00:00:43]}
{[%emt 00:00:36]} Kg7 {[%clk 00:10:50]} {[%emt 00:00:06]} 79. Rf1 {[%clk
00:00:35]} {[%emt 00:00:39]} Ra8 {[%clk 00:11:01]} {[%emt 00:00:18]} 80. Ra1
{[%clk 00:00:44]} {[%emt 00:00:22]} Kxg6 {[%clk 00:10:40]} {[%emt 00:00:50]} 81.
Rxa2 {[%clk 00:01:06]} {[%emt 00:00:08]} Rb8 {[%clk 00:09:10]} {[%emt
00:01:59]} 82. Rf2 {[%clk 00:00:44]} {[%emt 00:00:53]} Kg7 {[%clk 00:09:10]}
{[%emt 00:00:29]} 83. Kd6 {[%clk 00:00:51]} {[%emt 00:00:24]} Ra8 {[%clk
00:09:09]} {[%emt 00:00:31]} 84. Ke6 {[%clk 00:00:40]} {[%emt 00:00:42]} Ra6+
{[%clk 00:09:22]} {[%emt 00:00:16]} 85. Kd5 {[%clk 00:00:50]} {[%emt 00:00:20]}
Ra8 {[%clk 00:09:32]} {[%emt 00:00:19]} 1/2-1/2

[Event "English Womens Championships 2024"]
[Site "Kenilworth, United Kingdom"]
[Date "2024.06.22"]
[Round "6.5"]
[White "Maton, Emily"]
[Black "Longson, Sarah N"]
[Result "1-0"]
[TimeControl "G:90 minutes + 30 seconds added per move"]
[WhiteFideId "343120293"]
[BlackFideId "2501465"]
[WhiteElo "1970"]
[BlackElo "1981"]

1. d4 {[%clk 01:30:59]} {[%emt 02:16:47]} d5 {[%clk 01:30:57]} {[%emt
00:00:03]} 2. c4 {[%clk 01:31:25]} {[%emt 00:00:05]} c6 {[%clk 01:31:24]}
{[%emt 00:00:02]} 3. cxd5 {[%clk 01:31:51]} {[%emt 00:00:06]} cxd5 {[%clk
01:31:50]} {[%emt 00:00:02]} 4. Bf4 {[%clk 01:32:16]} {[%emt 00:00:05]} Nc6
{[%clk 01:30:45]} {[%emt 00:01:35]} 5. Nc3 {[%clk 01:32:09]} {[%emt 00:00:37]}
Bf5 {[%clk 01:25:29]} {[%emt 00:05:46]} 6. e3 {[%clk 01:29:55]} {[%emt
00:02:44]} Nf6 {[%clk 01:20:22]} {[%emt 00:05:37]} 7. Qb3 {[%clk 01:29:45]}
{[%emt 00:00:39]} Qd7 {[%clk 01:18:08]} {[%emt 00:02:44]} 8. Nf3 {[%clk
01:29:24]} {[%emt 00:00:52]} a6 {[%clk 00:58:30]} {[%emt 00:20:09]} 9. Ne5
{[%clk 01:19:18]} {[%emt 00:10:36]} Nxe5 {[%clk 00:51:05]} {[%emt 00:07:55]} 10.
dxe5 {[%clk 01:19:01]} {[%emt 00:00:46]} Ne4 {[%clk 00:46:48]} {[%emt
00:04:48]} 11. Qxd5 {[%clk 01:11:40]} {[%emt 00:07:51]} Nxc3 {[%clk 00:45:57]}
{[%emt 00:01:20]} 12. Qxd7+ {[%clk 01:12:06]} {[%emt 00:00:04]} Bxd7 {[%clk
00:45:00]} {[%emt 00:01:28]} 13. bxc3 {[%clk 01:12:32]} {[%emt 00:00:04]} Rc8
{[%clk 00:44:26]} {[%emt 00:01:03]} 14. Rc1 {[%clk 01:10:08]} {[%emt 00:02:54]}
e6 {[%clk 00:43:50]} {[%emt 00:01:07]} 15. e4 {[%clk 01:08:56]} {[%emt
00:01:42]} Ba3 {[%clk 00:43:57]} {[%emt 00:00:23]} 16. Rb1 {[%clk 01:08:58]}
{[%emt 00:00:28]} b5 {[%clk 00:38:43]} {[%emt 00:05:44]} 17. Rb3 {[%clk
01:06:32]} {[%emt 00:02:55]} Be7 {[%clk 00:38:31]} {[%emt 00:00:42]} 18. Bd3
{[%clk 01:05:10]} {[%emt 00:01:52]} f6 {[%clk 00:36:11]} {[%emt 00:02:50]} 19.
exf6 {[%clk 01:04:22]} {[%emt 00:01:18]} gxf6 {[%clk 00:36:09]} {[%emt
00:00:32]} 20. e5 {[%clk 01:01:53]} {[%emt 00:02:59]} Bc6 {[%clk 00:35:51]}
{[%emt 00:00:48]} 21. O-O {[%clk 00:52:38]} {[%emt 00:09:45]} Bd5 {[%clk
00:35:27]} {[%emt 00:00:55]} 22. c4 {[%clk 00:50:11]} {[%emt 00:02:57]} bxc4
{[%clk 00:32:01]} {[%emt 00:03:55]} 23. Rc3 {[%clk 00:50:10]} {[%emt 00:00:30]}
Kd7 {[%clk 00:27:34]} {[%emt 00:04:57]} 24. Bc2 {[%clk 00:49:54]} {[%emt
00:00:46]} Rhg8 {[%clk 00:23:30]} {[%emt 00:04:35]} 25. g3 {[%clk 00:47:42]}
{[%emt 00:02:42]} Bb4 {[%clk 00:23:11]} {[%emt 00:00:49]} 26. Ba4+ {[%clk
00:47:34]} {[%emt 00:00:37]} Ke7 {[%clk 00:23:18]} {[%emt 00:00:22]} 27. exf6+
{[%clk 00:45:42]} {[%emt 00:02:23]} Kxf6 {[%clk 00:22:40]} {[%emt 00:01:09]} 28.
Rcc1 {[%clk 00:44:18]} {[%emt 00:01:54]} Ba3 {[%clk 00:21:18]} {[%emt
00:01:52]} 29. Rc2 {[%clk 00:38:45]} {[%emt 00:06:02]} Be4 {[%clk 00:18:57]}
{[%emt 00:02:50]} 30. Rc3 {[%clk 00:39:04]} {[%emt 00:00:12]} Bb2 {[%clk
00:17:00]} {[%emt 00:02:27]} 31. Re3 {[%clk 00:38:56]} {[%emt 00:00:38]} Bc6
{[%clk 00:16:39]} {[%emt 00:00:51]} 32. Bc2 {[%clk 00:37:03]} {[%emt 00:02:23]}
e5 {[%clk 00:14:56]} {[%emt 00:02:15]} 33. Bh6 {[%clk 00:34:45]} {[%emt
00:02:47]} Bd4 {[%clk 00:14:31]} {[%emt 00:00:54]} 34. Ra3 {[%clk 00:34:23]}
{[%emt 00:00:53]} Bb7 {[%clk 00:13:04]} {[%emt 00:01:56]} 35. Rb1 {[%clk
00:30:46]} {[%emt 00:04:07]} Rc7 {[%clk 00:12:53]} {[%emt 00:00:41]} 36. Bd2
{[%clk 00:27:09]} {[%emt 00:04:07]} Ke6 {[%clk 00:11:36]} {[%emt 00:01:48]} 37.
Be3 {[%clk 00:24:30]} {[%emt 00:03:08]} Rd8 {[%clk 00:10:47]} {[%emt 00:01:19]}
38. Re1 {[%clk 00:18:09]} {[%emt 00:06:52]} Kf6 {[%clk 00:09:49]} {[%emt
00:01:28]} 39. h4 {[%clk 00:16:23]} {[%emt 00:02:15]} Bxe3 {[%clk 00:09:02]}
{[%emt 00:01:18]} 40. Raxe3 {[%clk 00:16:25]} {[%emt 00:00:28]} Rd2 {[%clk
00:09:22]} {[%emt 00:00:10]} 41. Rc3 {[%clk 00:12:12]} {[%emt 00:04:43]} Bd5
{[%clk 00:07:22]} {[%emt 00:02:29]} 42. Rb1 {[%clk 00:10:00]} {[%emt 00:02:42]}
e4 {[%clk 00:06:13]} {[%emt 00:01:40]} 43. Rc1 {[%clk 00:08:30]} {[%emt
00:02:00]} Ke5 {[%clk 00:05:47]} {[%emt 00:00:56]} 44. Bb3 {[%clk 00:01:49]}
{[%emt 00:07:12]} cxb3 {[%clk 00:02:38]} {[%emt 00:03:39]} 45. Rxc7 {[%clk
00:02:07]} {[%emt 00:00:11]} b2 {[%clk 00:03:00]} {[%emt 00:00:08]} 46. Re1
{[%clk 00:02:10]} {[%emt 00:00:26]} Bxa2 {[%clk 00:03:18]} {[%emt 00:00:13]} 47.
Re7+ {[%clk 00:02:06]} {[%emt 00:00:34]} Kf5 {[%clk 00:03:06]} {[%emt
00:00:42]} 48. g4+ {[%clk 00:01:49]} {[%emt 00:00:47]} Kxg4 {[%clk 00:02:45]}
{[%emt 00:00:50]} 49. R7xe4+ {[%clk 00:01:52]} {[%emt 00:00:28]} Kf5 {[%clk
00:02:57]} {[%emt 00:00:17]} 50. Rb4 {[%clk 00:02:00]} {[%emt 00:00:23]} Rc2
{[%clk 00:02:59]} {[%emt 00:00:26]} 51. Kg2 {[%clk 00:01:40]} {[%emt 00:00:52]}
Bd5+ {[%clk 00:02:43]} {[%emt 00:00:46]} 52. Kf1 {[%clk 00:01:10]} {[%emt
00:01:00]} Bc4+ {[%clk 00:02:40]} {[%emt 00:00:33]} 53. Kg2 {[%clk 00:01:19]}
{[%emt 00:00:21]} Rc1 {[%clk 00:02:51]} {[%emt 00:00:18]} 54. Rg1 {[%clk
00:01:07]} {[%emt 00:00:43]} Bd5+ {[%clk 00:02:25]} {[%emt 00:00:56]} 55. Kh2
{[%clk 00:01:19]} {[%emt 00:00:18]} Rc2 {[%clk 00:01:21]} {[%emt 00:01:34]} 56.
Rb1 {[%clk 00:00:41]} {[%emt 00:01:08]} Rxf2+ {[%clk 00:01:43]} {[%emt
00:00:08]} 57. Kg1 {[%clk 00:01:01]} {[%emt 00:00:10]} Rg2+ {[%clk 00:01:40]}
{[%emt 00:00:32]} 58. Kf1 {[%clk 00:01:29]} {[%emt 00:00:03]} h5 {[%clk
00:00:46]} {[%emt 00:01:25]} 59. R1xb2 {[%clk 00:00:50]} {[%emt 00:01:08]} Rg3
{[%clk 00:00:49]} {[%emt 00:00:26]} 60. Ra4 {[%clk 00:00:39]} {[%emt 00:00:42]}
Rh3 {[%clk 00:00:59]} {[%emt 00:00:19]} 61. Rf2+ {[%clk 00:00:48]} {[%emt
00:00:21]} Ke5 {[%clk 00:01:12]} {[%emt 00:00:16]} 62. Re2+ {[%clk 00:00:56]}
{[%emt 00:00:23]} Kd6 {[%clk 00:01:26]} {[%emt 00:00:16]} 63. Rxa6+ {[%clk
00:01:05]} {[%emt 00:00:22]} Kc5 {[%clk 00:01:43]} {[%emt 00:00:11]} 64. Ra5+
{[%clk 00:01:29]} {[%emt 00:00:08]} Kc4 {[%clk 00:01:18]} {[%emt 00:00:55]} 65.
Ra4+ {[%clk 00:00:45]} {[%emt 00:01:15]} Kb3 {[%clk 00:01:32]} {[%emt
00:00:15]} 66. Rf4 {[%clk 00:00:42]} {[%emt 00:00:33]} Rc3 {[%clk 00:00:46]}
{[%emt 00:01:15]} 67. Kf2 {[%clk 00:01:03]} {[%emt 00:00:11]} Bc4 {[%clk
00:00:53]} {[%emt 00:00:23]} 68. Re3 {[%clk 00:01:24]} {[%emt 00:00:08]} Bd3
{[%clk 00:01:01]} {[%emt 00:00:22]} 69. Rd4 {[%clk 00:01:12]} {[%emt 00:00:41]}
Kc2 {[%clk 00:01:28]} {[%emt 00:00:04]} 70. Kf3 {[%clk 00:01:21]} {[%emt
00:00:22]} Rb3 {[%clk 00:01:20]} {[%emt 00:00:37]} 71. Kf4 {[%clk 00:01:42]}
{[%emt 00:00:09]} Bg6 {[%clk 00:00:49]} {[%emt 00:01:01]} 72. Rxb3 {[%clk
00:02:03]} {[%emt 00:00:08]} Kxb3 {[%clk 00:01:18]} 73. Kg5 {[%clk 00:02:25]}
{[%emt 00:00:08]} Be8 {[%clk 00:01:30]} {[%emt 00:00:18]} 74. Rd8 {[%clk
00:02:52]} {[%emt 00:00:03]} Bf7 {[%clk 00:01:56]} {[%emt 00:00:05]} 75. Rf8
{[%clk 00:03:17]} {[%emt 00:00:04]} Bc4 {[%clk 00:02:20]} {[%emt 00:00:06]} 76.
Kxh5 {[%emt 00:00:23]} 1-0

[Event "English Womens Championships 2024"]
[Site "Kenilworth, United Kingdom"]
[Date "2024.06.22"]
[Round "6.6"]
[White "Rida, Ruqayyah"]
[Black "Catabay, Mae C"]
[Result "1-0"]
[TimeControl "G:90 minutes + 30 seconds added per move"]
[WhiteFideId "343272375"]
[BlackFideId "484768"]
[WhiteElo "1962"]
[BlackElo "1773"]

1. e4 {[%clk 01:30:57]} e5 {[%clk 01:30:46]} {[%emt 00:00:14]} 2. Nf3 {[%clk
01:31:21]} {[%emt 00:00:07]} Nf6 {[%clk 01:30:30]} {[%emt 00:00:45]} 3. Nxe5
{[%clk 01:31:39]} {[%emt 00:00:13]} d6 {[%clk 01:30:32]} {[%emt 00:00:27]} 4.
Nf3 {[%clk 01:32:03]} {[%emt 00:00:06]} Nxe4 {[%clk 01:29:55]} {[%emt
00:01:07]} 5. d4 {[%clk 01:32:17]} {[%emt 00:00:15]} d5 {[%clk 01:28:36]}
{[%emt 00:01:50]} 6. Bd3 {[%clk 01:32:31]} {[%emt 00:00:16]} Nf6 {[%clk
01:26:34]} {[%emt 00:02:33]} 7. O-O {[%clk 01:32:36]} {[%emt 00:00:24]} Be7
{[%clk 01:25:15]} {[%emt 00:01:49]} 8. Bf4 {[%clk 01:31:32]} {[%emt 00:01:34]}
Bg4 {[%clk 01:22:42]} {[%emt 00:03:02]} 9. Re1 {[%clk 01:30:44]} {[%emt
00:01:18]} Nbd7 {[%clk 01:18:34]} {[%emt 00:04:39]} 10. Qe2 {[%clk 01:29:04]}
{[%emt 00:02:10]} Nf8 {[%clk 01:15:56]} {[%emt 00:03:08]} 11. h3 {[%clk
01:28:33]} {[%emt 00:01:01]} Bxf3 {[%clk 01:15:05]} {[%emt 00:01:20]} 12. Qxf3
{[%clk 01:28:50]} {[%emt 00:00:14]} Ne6 {[%clk 01:14:00]} {[%emt 00:01:35]} 13.
Be5 {[%clk 01:27:19]} {[%emt 00:02:01]} O-O {[%clk 01:09:24]} {[%emt 00:05:05]}
14. Nc3 {[%clk 01:27:03]} {[%emt 00:00:47]} c6 {[%clk 01:06:55]} {[%emt
00:02:59]} 15. Ne2 {[%clk 01:21:44]} {[%emt 00:05:49]} c5 {[%clk 00:59:19]}
{[%emt 00:08:07]} 16. dxc5 {[%clk 01:19:12]} {[%emt 00:03:02]} Nxc5 {[%emt
00:03:11]} 17. Rad1 {[%clk 01:18:29]} {[%emt 00:01:11]} Nxd3 {[%clk 00:51:41]}
{[%emt 00:05:28]} 18. Rxd3 {[%clk 01:17:28]} {[%emt 00:01:31]} Qb6 {[%clk
00:49:13]} {[%emt 00:02:57]} 19. Red1 {[%clk 01:14:02]} {[%emt 00:03:57]} Rad8
{[%clk 00:47:30]} {[%emt 00:02:13]} 20. Nf4 {[%clk 01:13:00]} {[%emt 00:01:32]}
Qc6 {[%clk 00:42:07]} {[%emt 00:05:53]} 21. Bxf6 {[%clk 01:12:05]} {[%emt
00:01:25]} Bxf6 {[%clk 00:39:28]} {[%emt 00:03:09]} 22. Nxd5 {[%clk 01:11:33]}
{[%emt 00:01:00]} Bg5 {[%clk 00:35:23]} {[%emt 00:04:36]} 23. Qf5 {[%clk
01:08:06]} {[%emt 00:03:58]} Qh6 {[%clk 00:32:40]} {[%emt 00:03:13]} 24. f4
{[%clk 01:02:33]} {[%emt 00:06:03]} Rxd5 {[%clk 00:27:59]} {[%emt 00:05:12]} 25.
Qxd5 {[%clk 01:02:02]} {[%emt 00:01:01]} Bxf4 {[%clk 00:28:03]} {[%emt
00:00:25]} 26. Qxb7 {[%clk 01:01:39]} {[%emt 00:00:52]} Be3+ {[%clk 00:27:40]}
{[%emt 00:00:54]} 27. Kh1 {[%clk 01:00:50]} {[%emt 00:01:19]} Bb6 {[%clk
00:26:51]} {[%emt 00:01:19]} 28. Re1 {[%clk 00:57:56]} {[%emt 00:03:23]} Bf2
{[%clk 00:24:07]} {[%emt 00:03:14]} 29. Rf1 {[%clk 00:56:12]} {[%emt 00:02:13]}
Bb6 {[%clk 00:22:37]} {[%emt 00:02:01]} 30. Qd5 {[%clk 00:55:59]} {[%emt
00:00:43]} Qh4 {[%clk 00:21:16]} {[%emt 00:01:51]} 31. Rdf3 {[%clk 00:48:21]}
{[%emt 00:08:08]} Qe7 {[%clk 00:19:39]} {[%emt 00:02:07]} 32. b4 {[%clk
00:47:59]} {[%emt 00:00:53]} h6 {[%clk 00:17:30]} {[%emt 00:02:37]} 33. a3
{[%clk 00:47:59]} {[%emt 00:00:31]} Qc7 {[%clk 00:16:35]} {[%emt 00:01:26]} 34.
c4 {[%clk 00:47:53]} {[%emt 00:00:35]} a5 {[%clk 00:15:52]} {[%emt 00:01:14]}
35. Rf5 {[%clk 00:45:20]} {[%emt 00:03:02]} axb4 {[%clk 00:15:41]} {[%emt
00:00:41]} 36. axb4 {[%clk 00:45:41]} {[%emt 00:00:09]} Ba7 {[%clk 00:15:35]}
{[%emt 00:00:36]} 37. c5 {[%clk 00:44:35]} {[%emt 00:01:36]} Bb8 {[%clk
00:15:26]} {[%emt 00:00:39]} 38. Kg1 {[%clk 00:34:09]} {[%emt 00:10:56]} Qh2+
{[%clk 00:13:24]} {[%emt 00:02:32]} 39. Kf2 {[%clk 00:33:53]} {[%emt 00:00:46]}
Qg3+ {[%clk 00:11:58]} {[%emt 00:01:56]} 40. Ke2 {[%clk 00:34:13]} {[%emt
00:00:10]} Re8+ {[%clk 00:12:17]} {[%emt 00:00:11]} 41. Kd1 {[%clk 00:34:02]}
{[%emt 00:00:40]} Kh7 {[%clk 00:09:56]} {[%emt 00:02:52]} 42. Rxf7 {[%clk
00:33:13]} {[%emt 00:01:19]} Re5 {[%clk 00:08:26]} {[%emt 00:02:01]} 43. Qd2
{[%clk 00:31:28]} {[%emt 00:02:14]} Qb3+ {[%clk 00:03:22]} {[%emt 00:05:33]} 44.
Qc2+ {[%clk 00:31:43]} {[%emt 00:00:15]} Qxc2+ {[%clk 00:03:43]} {[%emt
00:00:10]} 45. Kxc2 {[%clk 00:32:12]} {[%emt 00:00:02]} 1-0